[Event "ESP-chT CECLUB Div2"]
[Site "Linares"]
[Date "2023.08.15"]
[Round "3.39"]
[White "Sanz Parron, Laura"]
[Black "Jimenez Martinez, Jose Vicente"]
[Result "0-1"]
[WhiteElo "1653"]
[BlackElo "2178"]
[PlyCount "68"]
[EventDate "2023.08.13"]
[EventType "team-swiss"]
[EventRounds "7"]
[EventCountry "ESP"]
[SourceTitle "EXT 2024"]
[Source "ChessBase"]
[SourceDate "2023.10.10"]
[SourceVersion "1"]
[SourceVersionDate "2023.10.10"]
[SourceQuality "1"]
[WhiteTeam "Marcos Frechin"]
[BlackTeam "Excalibur"]
[WhiteTeamCountry "ESP"]
[BlackTeamCountry "ESP"]

1. e4 d6 2. d4 g6 3. Nc3 Bg7 4. g3 Nf6 5. Bg2 0-0 6. Nge2 Nfd7 7. 0-0 c5 8. Be3 cxd4 9. Bxd4 Bh6 10. Nd5 Nc6 11. Bc3 e6 12. Ndf4 Qc7 13. b3 Nb6 14. h3 Bd7 15. Bb2 e5 16. Nd5 Nxd5 17. exd5 Ne7 18. Bc1 Bg7 19. Bg5 Nf5 20. Rc1 b5 21. Qd2 f6 22. Be3 Nxe3 23. fxe3 Bh6 24. Kh2 Qb6 25. Qd3 Bxe3 26. Rce1 Rac8 27. c3 Bh6 28. Rd1 Qc5 29. Qc2 a5 30. Rd3 a4 31. Rdf3 f5 32. Bh1 Be3 33. Qd3 e4 34. Qxe3 exf3 0-1

[Event "Aragon-chT Preferente Gr II"]
[Site "Aragon"]
[Date "2022.02.12"]
[Round "3.57"]
[White "Sanz Parron, Laura"]
[Black "Gutierrez Mingueza, Ruben"]
[Result "1-0"]
[WhiteElo "1717"]
[BlackElo "2043"]
[PlyCount "81"]
[EventDate "2022.01.29"]
[EventType "team-tourn"]
[EventRounds "9"]
[EventCountry "ESP"]
[SourceTitle "EXT 2024"]
[Source "ChessBase"]
[SourceDate "2023.10.10"]
[SourceVersion "1"]
[SourceVersionDate "2023.10.10"]
[SourceQuality "1"]
[WhiteTeam "Marcos Frechin II"]
[BlackTeam "San Jose"]
[WhiteTeamCountry "ESP"]
[BlackTeamCountry "ESP"]

1. e4 c5 2. Nf3 Nc6 3. Bb5 g6 4. Bxc6 bxc6 5. 0-0 Bg7 6. Re1 Nh6 7. h3 0-0 8. c3 d6 9. d3 Qb6 10. Qc2 Rb8 11. Nbd2 f6 12. b3 Qc7 13. Nf1 Nf7 14. Bf4 e5 15. Be3 f5 16. exf5 Bxf5 17. Ng3 Bd7 18. Ne4 Rbe8 19. Qd2 Nd8 20. Nh2 Ne6 21. Rad1 Nf4 22. d4 cxd4 23. cxd4 Nd5 24. Bh6 Bxh6 25. Qxh6 exd4 26. Ng5 Rxe1+ 27. Rxe1 Bf5 28. Nhf3 d3 29. Nd4 d2 30. Rd1 Re8 31. Ngf3 Qg7 32. Nxf5 gxf5 33. Qxd6 Nc3 34. Rxd2 Ne4 35. Qxc6 Rf8 36. Rd7 Qa1+ 37. Kh2 Nxf2 38. Qe6+ Kh8 39. Qe7 Qh1+ 40. Kg3 Ne4+ 41. Kh4 1-0